000 00273nam a2200097Ia 4500
005 20251222114407.0
008 251222s1900||||xx |||||||||||||| ||spa||
082 _aDVD0070/F76/1997
245 0 _aOne flew over the cockoo's nest:Alguien voló sobre el nido del cuco
942 _cDVD
999 _c1878
_d1878